| 000 | 01207cam a2200337 a 4500 | ||
|---|---|---|---|
| 001 | 6222 | ||
| 003 | FISKH | ||
| 005 | 20250331141452.0 | ||
| 008 | 001004s2002 nyu c 000 1 eng | ||
| 010 | _a 00050247 | ||
| 020 | _a0689842309 | ||
| 040 |
_aDLC _cDLC _dDLC _beng |
||
| 050 | _aPZ7.D78325 D | ||
| 082 | _a523 | ||
| 100 | 1 |
_aDraper, Sharon M. _q(Sharon Mills) |
|
| 245 | 1 | 0 |
_aDouble Dutch / _cSharon M. Draper. |
| 250 | _aThis edition published in 2004 | ||
| 260 |
_aNew York : _bAtheneum Books for Young Readers, _c2002. |
||
| 300 |
_a183 pages : _c20 cm |
||
| 520 | _aThree eighth-grade friends, preparing for the International Double Dutch Championship jump rope competition in their home town of Cincinnati, Ohio, cope with Randy's missing father, Delia's inability to read, and Yo Yo's encounter with the class bullies. | ||
| 650 | 1 |
_aRope skipping _vFiction. |
|
| 650 | 1 |
_aContests _vFiction. |
|
| 650 | 1 |
_aDyslexia _vFiction. |
|
| 650 | 1 |
_aFriendship _vFiction. |
|
| 650 | 1 |
_aSchools _vFiction. |
|
| 650 | 1 |
_aAfrican Americans _vFiction. |
|
| 651 | 1 |
_aCincinnati (Ohio) _vFiction. |
|
| 906 |
_a7 _bcbc _corignew _d1 _eocip _f20 _gy-gencatlg |
||
| 942 |
_2ddc _cBK _n0 |
||
| 999 |
_c6222 _d6222 |
||